[Event "EU-chT (Women) 24th"]
[Site "Budva"]
[Date "2023.11.20"]
[Round "9.13"]
[White "Sucikova, Svetlana"]
[Black "Mihaljevic, Eva"]
[Result "0-1"]
[WhiteElo "2191"]
[BlackElo "2010"]
[PlyCount "116"]
[EventDate "2023.11.11"]
[EventType "team-swiss"]
[EventRounds "9"]
[EventCountry "MNE"]
[SourceTitle "CB47_2023"]
[SourceDate "2023.11.22"]
[SourceVersion "1"]
[SourceVersionDate "2023.11.22"]
[SourceQuality "1"]
[WhiteTeam "Slovakia (W)"]
[BlackTeam "Croatia (W)"]
[WhiteTeamCountry "SVK"]
[BlackTeamCountry "CRO"]

1. Nf3 d5 2. g3 e6 3. Bg2 Nf6 4. 0-0 Be7 5. c4 0-0 6. b3 b6 7. Bb2 Bb7 8. e3 Nbd7 9. Qe2 a5 10. Nc3 a4 11. Rab1 axb3 12. axb3 Nc5 13. Ba1 dxc4 14. bxc4 Qd3 15. Ne5 Qxe2 16. Nxe2 Bxg2 17. Kxg2 Ra2 18. Nc6 Bd6 19. Bc3 Nfe4 20. Nb4 Rxd2 21. Bxd2 Nxd2 22. Ra1 Nxf1 23. Kxf1 Ne4 24. Nc6 Nd2+ 25. Ke1 Nxc4 26. Ned4 Ne5 27. Ra7 Nxc6 28. Nxc6 e5 29. Ke2 f5 30. Rb7 Kf7 31. Kd3 Ke6 32. Kc4 Ra8 33. Na7 g5 34. f3 h5 35. e4 fxe4 36. fxe4 g4 37. Kb5 Rf8 38. Kc6 Rf2 39. Rb8 Rc2+ 40. Kb7 Rxh2 41. Rh8 h4 42. gxh4 g3 43. Rg8 g2 44. Nc6 Bc5 45. Rg6+ Kd7 46. Nxe5+ Kd8 47. Rg8+ Ke7 48. Nf3 Rh3 49. Rxg2 Rxf3 50. Kxc7 Rf4 51. Kc6 Rxe4 52. h5 Rh4 53. Rg5 Kf6 54. Rd5 Kg7 55. Kd7 Kh6 56. Ke6 Rxh5 57. Rd8 Kg7 58. Rd7+ Kg6 0-1

[Event "EU-chT (Women) 24th"]
[Site "Budva"]
[Date "2023.11.19"]
[Round "8.13"]
[White "Sucikova, Svetlana"]
[Black "De Rycke, Tyani"]
[Result "1/2-1/2"]
[WhiteElo "2191"]
[BlackElo "2007"]
[PlyCount "193"]
[EventDate "2023.11.11"]
[EventType "team-swiss"]
[EventRounds "9"]
[EventCountry "MNE"]
[SourceTitle "CB47_2023"]
[SourceDate "2023.11.22"]
[SourceVersion "1"]
[SourceVersionDate "2023.11.22"]
[SourceQuality "1"]
[WhiteTeam "Slovakia (W)"]
[BlackTeam "Belgium (W)"]
[WhiteTeamCountry "SVK"]
[BlackTeamCountry "BEL"]

1. Nf3 Nf6 2. g3 g6 3. Bg2 Bg7 4. 0-0 0-0 5. d4 d6 6. c4 Nbd7 7. Nc3 e5 8. e4 exd4 9. Nxd4 Nc5 10. h3 Re8 11. Re1 h6 12. Nb3 Nfd7 13. Nxc5 Nxc5 14. Be3 Be6 15. Bd4 a5 16. f4 Nd7 17. b3 Nf6 18. Qd3 Bd7 19. Rad1 Bc6 20. Kh2 Nd7 21. Bxg7 Kxg7 22. e5 Nc5 23. Qf1 Bxg2 24. Kxg2 Re6 25. Qf2 Qe8 26. Nd5 Qc6 27. exd6 Rxd6 28. Kh2 Re6 29. Rxe6 Nxe6 30. f5 gxf5 31. Qxf5 Ng5 32. Qe5+ Kh7 33. Rf1 Qe6 34. Qxe6 fxe6 35. Nxc7 Rd8 36. Rf2 Rd3 37. h4 Ne4 38. Rg2 a4 39. Nxe6 axb3 40. axb3 Rxb3 41. g4 Rc3 42. Rb2 Rxc4 43. Rxb7+ Kh8 44. g5 hxg5 45. hxg5 Rc6 46. Re7 Nxg5 47. Nxg5 Rg6 48. Ne6 Kg8 49. Kh3 Rh6+ 50. Kg4 Rh7 51. Re8+ Kf7 52. Nc7 Rh1 53. Re4 Rd1 54. Kf5 Rd7 55. Ne6 Rd5+ 56. Kf4 Kf6 57. Nd4 Rd7 58. Nf3 Rd5 59. Ra4 Rd6 60. Ne5 Ke6 61. Ke4 Rd5 62. Ra6+ Rd6 63. Ra8 Rd1 64. Nd3 Rh1 65. Ra6+ Ke7 66. Nf4 Re1+ 67. Kf5 Kd7 68. Nd3 Rd1 69. Ne5+ Kc7 70. Ke6 Rc1 71. Rd6 Re1 72. Rc6+ Kb7 73. Rc3 Kb6 74. Kd6 Rd1+ 75. Nd3 Kb5 76. Kd5 Kb6 77. Rb3+ Kc7 78. Ke6 Rh1 79. Rc3+ Kb6 80. Kd6 Rh6+ 81. Kd5 Rh1 82. Rc6+ Kb5 83. Rc8 Kb6 84. Rb8+ Kc7 85. Rb3 Rh3 86. Rc3+ Kb6 87. Rc6+ Kb5 88. Ne5 Kb4 89. Rb6+ Kc3 90. Ra6 Rh8 91. Ra3+ Kb4 92. Rg3 Rd8+ 93. Ke6 Re8+ 94. Kf6 Rf8+ 95. Ke7 Rf1 96. Ke6 Re1 97. Kd5 1/2-1/2

[Event "Glasgow op"]
[Site "Glasgow"]
[Date "2023.11.04"]
[Round "3"]
[White "Sucikova, Svetlana"]
[Black "Berg, Jan"]
[Result "1-0"]
[WhiteElo "2191"]
[BlackElo "1785"]
[PlyCount "109"]
[EventDate "2023.11.03"]
[EventType "swiss"]
[EventRounds "5"]
[EventCountry "SCO"]
[SourceTitle "Mega2024 Update 01"]
[Source "Chessbase"]
[SourceDate "2023.11.12"]
[SourceVersion "1"]
[SourceVersionDate "2023.11.12"]
[SourceQuality "1"]

1. Nf3 d6 2. d4 Nf6 3. c4 g6 4. Nc3 Bg7 5. g3 0-0 6. Bg2 Nbd7 7. 0-0 e5 8. e4 exd4 9. Nxd4 Nc5 10. h3 Ne6 11. Nc2 c6 12. Be3 Re8 13. Qd2 Nc5 14. f3 Be6 15. b3 Qd7 16. Kh2 Rad8 17. Rad1 b6 18. Nd4 Qc7 19. Bg5 Bc8 20. Qf4 Ne6 21. Nxe6 Rxe6 22. Ne2 h6 23. Bxh6 Nh5 24. Qc1 Kh7 25. Bxg7 Kxg7 26. f4 Rh8 27. Qb2+ Kg8 28. f5 Re5 29. fxg6 fxg6 30. Qd2 Bg4 31. Rf2 Bxe2 32. Rxe2 Re6 33. Qg5 Kg7 34. e5 Rxe5 35. Rxe5 dxe5 36. Be4 Qf7 37. Bxc6 Qf2+ 38. Bg2 Nf6 39. Rf1 Rh5 40. Qxh5 Qxf1 41. Qxe5 Qf2 42. b4 Kf7 43. c5 bxc5 44. bxc5 Qxa2 45. c6 Ne8 46. Qf4+ Ke7 47. Qg5+ Kf7 48. Qd8 Qc2 49. Qd7+ Kf8 50. Qxa7 g5 51. Qd4 Kf7 52. Qd5+ Kf6 53. Qd8+ Kf7 54. Qxg5 Nf6 55. Qf4 1-0

[Event "BCF-chT 2223 (4NCL)"]
[Site "England"]
[Date "2023.04.29"]
[Round "9.1"]
[White "Terbe, Julianna"]
[Black "Sucikova, Svetlana"]
[Result "1/2-1/2"]
[WhiteElo "2281"]
[BlackElo "2249"]
[PlyCount "57"]
[EventDate "2022.10.22"]
[EventType "team-swiss"]
[EventRounds "11"]
[EventCountry "ENG"]
[SourceTitle "EXT 2024"]
[Source "ChessBase"]
[SourceDate "2023.10.10"]
[SourceVersion "1"]
[SourceVersionDate "2023.10.10"]
[SourceQuality "1"]
[WhiteTeam "Chess.com Manx Liberty"]
[BlackTeam "Chessable White Rose"]
[WhiteTeamCountry "ENG"]
[BlackTeamCountry "ENG"]

1. d4 d5 2. c4 c6 3. Nf3 Nf6 4. g3 g6 5. Bg2 Bg7 6. cxd5 cxd5 7. Nc3 0-0 8. Ne5 e6 9. 0-0 Nfd7 10. Nf3 Nc6 11. Bf4 Nf6 12. Rc1 Qa5 13. a3 Bd7 14. Qd3 Rfc8 15. Rfd1 a6 16. Ne5 Be8 17. Na2 Nxe5 18. Bxe5 Bb5 19. Qf3 Nd7 20. Bxg7 Kxg7 21. Qe3 Bc4 22. Nb4 Qa4 23. h4 a5 24. Nd3 Qb3 25. h5 Bxd3 26. h6+ Kg8 27. Qxd3 Qxd3 28. Rxc8+ Rxc8 29. Rxd3 1/2-1/2

[Event "Edinburgh She Plays To Win 2nd"]
[Site "Edinburgh"]
[Date "2023.02.16"]
[Round "3"]
[White "Sucikova, Svetlana"]
[Black "Cooke, Suzie G"]
[Result "1-0"]
[WhiteElo "2205"]
[BlackElo "1941"]
[PlyCount "91"]
[EventDate "2023.02.15"]
[EventType "tourn"]
[EventRounds "9"]
[EventCountry "SCO"]
[SourceTitle "CBM 212 Extra"]
[Source "ChessBase"]
[SourceDate "2023.03.31"]
[SourceVersion "1"]
[SourceVersionDate "2023.03.31"]
[SourceQuality "1"]

1. d4 d5 2. c4 e6 3. Nf3 c5 4. cxd5 exd5 5. g3 Nc6 6. Bg2 Nf6 7. 0-0 Be7 8. Nc3 0-0 9. Bg5 c4 10. Ne5 Be6 11. Nxc6 bxc6 12. b3 Qa5 13. Qc2 cxb3 14. axb3 Qb6 15. e3 a5 16. Rfb1 Rfe8 17. Rb2 g6 18. Na4 Qb7 19. Nc5 Bxc5 20. dxc5 Ne4 21. Bh6 f5 22. f3 Nf6 23. Qc3 Nh5 24. Ra4 Qe7 25. Rba2 g5 26. Rxa5 Rxa5 27. Rxa5 Kf7 28. f4 g4 29. Bg5 Qb7 30. b4 Bc8 31. Qd4 Qc7 32. Kf2 Be6 33. Bf1 Rb8 34. Be2 Kg6 35. Ra6 Bc8 36. Rb6 Rxb6 37. cxb6 Qd6 38. Qh8 Qe6 39. Qd8 Bb7 40. Qc7 d4 41. Qxb7 Qxe3+ 42. Kf1 Qc1+ 43. Kg2 d3 44. Qe7 Qd2 45. Qe6+ Kg7 46. Bh6+ 1-0

[Event "BCF-chT 2223 (4NCL)"]
[Site "England"]
[Date "2023.02.12"]
[Round "6.4"]
[White "Sucikova, Svetlana"]
[Black "Turner, Lewis A"]
[Result "1-0"]
[WhiteElo "2205"]
[BlackElo "1833"]
[PlyCount "45"]
[EventDate "2022.10.22"]
[EventType "team-swiss"]
[EventRounds "11"]
[EventCountry "ENG"]
[SourceTitle "CBM 213 Extra"]
[Source "ChessBase"]
[SourceDate "2023.05.31"]
[SourceVersion "1"]
[SourceVersionDate "2023.05.31"]
[SourceQuality "1"]
[WhiteTeam "Chessable White Rose"]
[BlackTeam "West is Best"]
[WhiteTeamCountry "ENG"]
[BlackTeamCountry "ENG"]

1. Nf3 Nf6 2. g3 g6 3. Bg2 Bg7 4. 0-0 0-0 5. c4 d6 6. d4 c5 7. Nc3 Nc6 8. d5 Na5 9. Qd3 a6 10. Bf4 b5 11. cxb5 axb5 12. Qxb5 Bf5 13. Qa4 Rb8 14. Nd2 Rxb2 15. Qa3 Rb4 16. e4 Bd7 17. Rfb1 Qb6 18. Qc1 Rb8 19. Bf1 Ng4 20. h3 Ne5 21. Be3 f5 22. Rxb4 Qxb4 23. Rb1 1-0

[Event "Krakow op-A 33rd"]
[Site "Krakow"]
[Date "2023.01.03"]
[Round "8"]
[White "Sucikova, Svetlana"]
[Black "Trybus, Daniel"]
[Result "1-0"]
[WhiteElo "2235"]
[BlackElo "2258"]
[PlyCount "53"]
[EventDate "2022.12.27"]
[EventType "swiss"]
[EventRounds "9"]
[EventCountry "POL"]
[SourceTitle "CBM 212 Extra"]
[Source "ChessBase"]
[SourceDate "2023.03.31"]
[SourceVersion "1"]
[SourceVersionDate "2023.03.31"]
[SourceQuality "1"]

1. Nf3 Nf6 2. g3 g6 3. Bg2 Bg7 4. 0-0 0-0 5. c4 c6 6. d4 d6 7. Nc3 Qa5 8. e4 e5 9. h3 Nbd7 10. Qc2 exd4 11. Nxd4 Ne5 12. b3 Re8 13. Be3 a6 14. Rad1 Be6 15. f4 Ned7 16. Bf2 Nc5 17. f5 Bd7 18. Rb1 Qb4 19. a3 Qxa3 20. b4 Nfxe4 21. Bxe4 Bxd4 22. Bxd4 Rxe4 23. Nxe4 Nxe4 24. Qxe4 Bxf5 25. Qf4 Be6 26. Rbe1 Bxc4 27. Re3 1-0

[Event "Krakow op-A 33rd"]
[Site "Krakow"]
[Date "2022.12.30"]
[Round "4"]
[White "Sucikova, Svetlana"]
[Black "Vojtek, Vladimir"]
[Result "0-1"]
[WhiteElo "2235"]
[BlackElo "2260"]
[PlyCount "174"]
[EventDate "2022.12.27"]
[EventType "swiss"]
[EventRounds "9"]
[EventCountry "POL"]
[SourceTitle "CBM 212 Extra"]
[Source "ChessBase"]
[SourceDate "2023.03.31"]
[SourceVersion "1"]
[SourceVersionDate "2023.03.31"]
[SourceQuality "1"]

1. Nf3 d5 2. g3 e6 3. d4 Nf6 4. c4 dxc4 5. Bg2 c5 6. Qa4+ Bd7 7. Qxc4 b5 8. Qc2 Na6 9. 0-0 Rc8 10. Bf4 Qb6 11. Nbd2 cxd4 12. Qd3 Nb4 13. Qxd4 Bc5 14. Qe5 0-0 15. h3 Nc6 16. Qc3 Nd5 17. Qd3 Nxf4 18. gxf4 Nb4 19. Qb3 Bc6 20. Ne5 Bxg2 21. Kxg2 Nd5 22. Qf3 Qb7 23. e3 Be7 24. Rac1 Rfd8 25. Nb3 Bd6 26. Nd3 Qe7 27. Nd4 Qf6 28. Rcd1 a6 29. Kh1 Kh8 30. Rg1 Rg8 31. Rg5 g6 32. Rg4 Rc4 33. Qe4 Rgc8 34. Rgg1 R4c7 35. Qf3 Ne7 36. Rc1 Nf5 37. Rxc7 Rxc7 38. Nxf5 exf5 39. Qa8+ Kg7 40. Qxa6 b4 41. Kg2 Qe6 42. Qa8 Rc2 43. Rc1 Rd2 44. Ne5 Bxe5 45. fxe5 Qxe5 46. Qf3 Rxb2 47. Rc4 Qe6 48. Qf4 Qd5+ 49. Kg3 Rxa2 50. Rxb4 Rd2 51. Qc4 Qe5+ 52. Kf3 Rd7 53. Rb3 Qh2 54. Qf1 h5 55. Ra3 Kh7 56. Ra8 f6 57. Ra6 Kg7 58. Ra4 g5 59. Ke2 Qd6 60. Qa1 Qd3+ 61. Ke1 f4 62. Ra6 Qf5 63. Ra7 fxe3 64. fxe3 Qxh3 65. Qd4 Rxa7 66. Qxa7+ Kg6 67. Qe7 Qg3+ 68. Ke2 Qg2+ 69. Ke1 Qc6 70. Qd8 g4 71. Qg8+ Kf5 72. Kd2 Qg2+ 73. Kd3 Qf1+ 74. Kd2 Qg2+ 75. Kd3 Qb7 76. Qf8 Kg5 77. Qd6 Qb3+ 78. Kd2 Qb2+ 79. Kd3 Qe5 80. Qc6 g3 81. Ke2 Qf5 82. Qe8 Qf2+ 83. Kd3 Qf5+ 84. Ke2 Kh4 85. Qc6 Qf2+ 86. Kd3 g2 87. Qe4+ Kg5 0-1

[Event "Olympiad Women-44"]
[Site "Chennai"]
[Date "2022.08.09"]
[Round "11.4"]
[White "Divya, Deshmukh"]
[Black "Sucikova, Svetlana"]
[Result "1-0"]
[WhiteElo "2319"]
[BlackElo "2188"]
[PlyCount "65"]
[EventDate "2022.07.29"]
[EventType "team-swiss"]
[EventRounds "11"]
[EventCountry "IND"]
[SourceTitle "CBM 210"]
[Source "ChessBase"]
[SourceDate "2022.10.31"]
[SourceVersion "1"]
[SourceVersionDate "2022.10.31"]
[SourceQuality "1"]
[WhiteTeam "India (W) II"]
[BlackTeam "Slovakia (W)"]
[WhiteTeamCountry "IND"]
[BlackTeamCountry "SVK"]

1. e4 c6 2. d4 d5 3. e5 Bf5 4. h4 h5 5. Bg5 Qb6 6. Bd3 Qxd4 7. Nf3 Qg4 8. Bxf5 Qxf5 9. c4 Qe4+ 10. Be3 e6 11. cxd5 Bb4+ 12. Nc3 Qxd5 13. Qc2 Ne7 14. 0-0 Bxc3 15. Qxc3 Na6 16. Ng5 Rd8 17. Bxa7 Qd3 18. Rfd1 Qxd1+ 19. Rxd1 Rxd1+ 20. Kh2 Rd7 21. Ne4 Nf5 22. Nc5 Nxc5 23. Bxc5 f6 24. exf6 Rg8 25. fxg7 Kf7 26. Bf8 Nxg7 27. Bxg7 Rxg7 28. Qf3+ Kg6 29. Qe4+ Kf6 30. Qf4+ Ke7 31. Qh6 Rf7 32. Qxh5 Rxf2 33. Qc5+ 1-0

[Event "Olympiad Women-44"]
[Site "Chennai"]
[Date "2022.08.02"]
[Round "5.3"]
[White "Sucikova, Svetlana"]
[Black "Radikovic, Anamarija"]
[Result "1-0"]
[WhiteElo "2188"]
[BlackElo "2099"]
[PlyCount "87"]
[EventDate "2022.07.29"]
[EventType "team-swiss"]
[EventRounds "11"]
[EventCountry "IND"]
[SourceTitle "CBM 210"]
[Source "ChessBase"]
[SourceDate "2022.10.31"]
[SourceVersion "1"]
[SourceVersionDate "2022.10.31"]
[SourceQuality "1"]
[WhiteTeam "Slovakia (W)"]
[BlackTeam "Croatia (W)"]
[WhiteTeamCountry "SVK"]
[BlackTeamCountry "CRO"]

1. Nf3 Nf6 2. g3 g6 3. Bg2 Bg7 4. 0-0 0-0 5. d4 d6 6. c4 Nc6 7. Nc3 Bg4 8. h3 Bxf3 9. Bxf3 Nd7 10. e3 e5 11. d5 Ne7 12. Bg2 f5 13. e4 a5 14. Be3 f4 15. Bd2 Nc5 16. Rb1 Nc8 17. Nb5 Nb6 18. b3 c6 19. Nc3 Qf6 20. Qf3 a4 21. Ne2 axb3 22. axb3 Ra2 23. Rfd1 cxd5 24. cxd5 Nxe4 25. Qxe4 f3 26. Nc3 fxg2 27. Be3 Ra6 28. Nb5 Nd7 29. Rbc1 Bh6 30. Nc7 Ra2 31. Ne6 Re2 32. Qh4 g5 33. Qg4 Qf3 34. Nxf8 Qxg4 35. hxg4 Bxf8 36. Bxg5 Nc5 37. Be3 Ne4 38. Rc8 Kf7 39. Kxg2 Nf6 40. g5 Nd7 41. Rdc1 Nc5 42. Rc7+ Kg6 43. Bxc5 dxc5 44. Rd1 1-0

[Event "BCF-chT 2122 (4NCL)"]
[Site "England"]
[Date "2022.04.30"]
[Round "7.43"]
[White "Sucikova, Svetlana"]
[Black "Griffiths, Ryan Rhys"]
[Result "1/2-1/2"]
[WhiteElo "2209"]
[BlackElo "2352"]
[PlyCount "101"]
[EventDate "2021.11.27"]
[EventType "team-swiss"]
[EventRounds "11"]
[EventCountry "ENG"]
[SourceTitle "EXT 2023"]
[Source "ChessBase"]
[SourceDate "2022.10.05"]
[SourceVersion "1"]
[SourceVersionDate "2022.10.05"]
[SourceQuality "1"]
[WhiteTeam "Chessable White Rose II"]
[BlackTeam "Barbican"]
[WhiteTeamCountry "ENG"]
[BlackTeamCountry "ENG"]

1. d4 Nf6 2. c4 e6 3. Nf3 b6 4. g3 Ba6 5. b3 Bb4+ 6. Bd2 Be7 7. Bg2 d5 8. 0-0 0-0 9. Bc3 Nbd7 10. Nbd2 c5 11. Bb2 Rc8 12. Rc1 Bb7 13. Re1 Rc7 14. Ne5 cxd4 15. Bxd4 Bb4 16. cxd5 Nxd5 17. Nd3 Ba3 18. Rxc7 Qxc7 19. e4 Nb4 20. Nc4 Nxd3 21. Qxd3 Bb4 22. Rd1 b5 23. Ne3 Bc6 24. Bxg7 Ne5 25. Bxe5 Qxe5 26. Ng4 Qg7 27. e5 Qxg4 28. Bxc6 Be7 29. Bf3 Qb4 30. Qe3 Rd8 31. Rxd8+ Bxd8 32. Qxa7 Qe1+ 33. Kg2 Qxe5 34. Qa8 Qd4 35. a4 bxa4 36. bxa4 Kg7 37. Qe4 Qxe4 38. Bxe4 f5 39. Bc2 Kf6 40. f4 e5 41. Kf3 Bb6 42. g4 fxg4+ 43. Kxg4 exf4 44. Bxh7 Bc7 45. h4 Kg7 46. Bd3 Kh6 47. Be4 Bd8 48. Kxf4 Bxh4 49. a5 Bd8 50. a6 Bb6 51. Ke5 1/2-1/2

[Event "EU-chT (Women) 23rd"]
[Site "Terme Catez"]
[Date "2021.11.20"]
[Round "8.3"]
[White "Janzelj, Lara"]
[Black "Sucikova, Svetlana"]
[Result "1/2-1/2"]
[WhiteElo "2150"]
[BlackElo "2197"]
[PlyCount "115"]
[EventDate "2021.11.12"]
[EventType "team-swiss"]
[EventRounds "9"]
[EventCountry "SLO"]
[SourceTitle "CBM 205"]
[Source "ChessBase"]
[SourceDate "2021.12.31"]
[SourceVersion "1"]
[SourceVersionDate "2021.12.31"]
[SourceQuality "1"]
[WhiteTeam "Slovenia (W)"]
[BlackTeam "Slovakia (W)"]
[WhiteTeamCountry "SLO"]
[BlackTeamCountry "SVK"]

1. c4 c6 2. g3 d5 3. Nf3 Nf6 4. Bg2 dxc4 5. 0-0 Nbd7 6. Na3 Nb6 7. Qc2 g6 8. Nxc4 Nxc4 9. Qxc4 Bg7 10. d3 0-0 11. Bg5 Be6 12. Qc1 Re8 13. Bh6 Qb6 14. Bxg7 Kxg7 15. Ng5 Bg4 16. Qc4 Rf8 17. Qc2 h6 18. Nf3 Rad8 19. h3 Bxf3 20. Bxf3 Rd6 21. Rac1 Rfd8 22. Qb1 h5 23. Rc4 Rd4 24. Rfc1 h4 25. gxh4 Rh8 26. Rxd4 Qxd4 27. Rc4 Qd6 28. Qc1 Nd5 29. Qg5 e5 30. e3 Nb6 31. Rc3 Na4 32. Rc2 Nb6 33. Qg3 Nd7 34. Rd2 Qb4 35. Rc2 Qxh4 36. Kg2 Qa4 37. Rc4 Qb5 38. b4 a5 39. a3 Re8 40. h4 Nf6 41. Be2 axb4 42. axb4 Qd5+ 43. Qf3 e4 44. dxe4 Rxe4 45. Rxe4 Nxe4 46. Qf4 Ng5+ 47. Kh2 Ne6 48. Qg4 Qd6+ 49. Kg2 Nc7 50. h5 b5 51. Bf3 Na6 52. hxg6 fxg6 53. e4 Qe7 54. e5 Nxb4 55. Be4 Qxe5 56. Qxg6+ Kf8 57. Bxc6 Nxc6 58. Qxc6 1/2-1/2

[Event "British OTB-ch"]
[Site "Hull"]
[Date "2021.10.10"]
[Round "9"]
[White "Gormally, Daniel"]
[Black "Sucikova, Svetlana"]
[Result "1-0"]
[WhiteElo "2480"]
[BlackElo "2175"]
[PlyCount "73"]
[EventDate "2021.10.02"]
[EventType "swiss"]
[EventRounds "9"]
[EventCountry "ENG"]
[SourceTitle "EXT 2022"]
[Source "ChessBase"]
[SourceDate "2021.10.06"]
[SourceVersion "1"]
[SourceVersionDate "2021.10.06"]
[SourceQuality "1"]

1. d4 d5 2. c4 c6 3. Nf3 Nf6 4. e3 e6 5. Bd3 Be7 6. 0-0 0-0 7. Nbd2 Nbd7 8. e4 dxe4 9. Nxe4 Nxe4 10. Bxe4 Nf6 11. Bc2 c5 12. Qd3 Qc7 13. Bg5 g6 14. dxc5 Qxc5 15. Qc3 Ng4 16. Bxe7 Qxe7 17. Rfe1 b6 18. Re4 Nf6 19. Rh4 Bb7 20. Ng5 Rfd8 21. Rh6 Ng4 22. Rxh7 e5 23. h4 Qc5 24. Rxf7 Rd4 25. Rg7+ Kh8 26. Rh7+ Kg8 27. Qg3 Qc6 28. c5 Rad8 29. Bb3+ R8d5 30. Qf3 Rf4 31. Bxd5+ Qxd5 32. Qxd5+ Bxd5 33. f3 Nf6 34. Rxa7 bxc5 35. Re1 e4 36. fxe4 Bc4 37. b3 1-0

[Event "British OTB-ch"]
[Site "Hull"]
[Date "2021.10.09"]
[Round "8"]
[White "Sucikova, Svetlana"]
[Black "Arkell, Keith C"]
[Result "1/2-1/2"]
[WhiteElo "2175"]
[BlackElo "2380"]
[PlyCount "92"]
[EventDate "2021.10.02"]
[EventType "swiss"]
[EventRounds "9"]
[EventCountry "ENG"]
[SourceTitle "EXT 2022"]
[Source "ChessBase"]
[SourceDate "2021.10.06"]
[SourceVersion "1"]
[SourceVersionDate "2021.10.06"]
[SourceQuality "1"]

1. Nf3 Nf6 2. c4 d6 3. d4 Bg4 4. g3 Bxf3 5. exf3 c6 6. Bg2 d5 7. b3 g6 8. 0-0 Bg7 9. Be3 0-0 10. Nc3 e6 11. Qd2 Nbd7 12. Rab1 Ne8 13. Rfd1 Nd6 14. c5 Nf5 15. b4 e5 16. Ne2 exd4 17. Nxd4 Nxe3 18. Qxe3 Re8 19. Qd2 Qf6 20. Bf1 a5 21. bxa5 Qxd4 22. Qxd4 Bxd4 23. Rxd4 Nxc5 24. a6 b5 25. Rc1 Ne6 26. Rd2 Rxa6 27. a4 Rxa4 28. Rxc6 Nd4 29. Rc3 Rb8 30. Rcd3 Ne6 31. Rxd5 b4 32. Rb2 b3 33. Kg2 Nd4 34. Bd3 Rc8 35. Be4 f5 36. Bb1 Kf7 37. Rd7+ Ke6 38. Rxh7 Rb4 39. Rg7 Kd5 40. Rd2 Kc4 41. Rxg6 Kc3 42. Rd1 Kb2 43. Rd6 Nc2 44. h4 Ra8 45. Rc6 Raa4 46. h5 Rd4 1/2-1/2

[Event "British OTB-ch"]
[Site "Hull"]
[Date "2021.10.06"]
[Round "5"]
[White "Gordon, Frederick"]
[Black "Sucikova, Svetlana"]
[Result "0-1"]
[WhiteElo "1523"]
[BlackElo "2175"]
[PlyCount "71"]
[EventDate "2021.10.02"]
[EventType "swiss"]
[EventRounds "9"]
[EventCountry "ENG"]
[SourceTitle "EXT 2022"]
[Source "ChessBase"]
[SourceDate "2021.10.06"]
[SourceVersion "1"]
[SourceVersionDate "2021.10.06"]
[SourceQuality "1"]

1. e4 c6 2. Nf3 d5 3. Nc3 Bg4 4. h3 Bxf3 5. Qxf3 e6 6. Be2 Nf6 7. 0-0 Nbd7 8. d4 dxe4 9. Nxe4 Nxe4 10. Qxe4 Nf6 11. Qf4 Be7 12. c3 0-0 13. Qg3 Re8 14. Bh6 Bf8 15. Rad1 Qb6 16. b3 Qa5 17. Bd3 Qxa2 18. Ra1 Qxb3 19. Rfb1 Qd5 20. Rxb7 a5 21. Ra4 Qh5 22. Bg5 Qd1+ 23. Kh2 Nh5 24. Qg4 Bd6+ 25. g3 Qxd3 26. Qxh5 Qf5 27. Kg2 h6 28. g4 Qxg5 29. Qxf7+ Kh7 30. Rb6 Qd5+ 31. Qf3 Rec8 32. Qxd5 exd5 33. c4 dxc4 34. Rxc4 a4 35. Rbxc6 Rxc6 36. Rxc6 0-1

[Event "British OTB-ch"]
[Site "Hull"]
[Date "2021.10.03"]
[Round "2"]
[White "Olson, Hamish"]
[Black "Sucikova, Svetlana"]
[Result "1/2-1/2"]
[WhiteElo "2273"]
[BlackElo "2175"]
[PlyCount "127"]
[EventDate "2021.10.02"]
[EventType "swiss"]
[EventRounds "9"]
[EventCountry "ENG"]
[SourceTitle "EXT 2022"]
[Source "ChessBase"]
[SourceDate "2021.10.06"]
[SourceVersion "1"]
[SourceVersionDate "2021.10.06"]
[SourceQuality "1"]

1. Nf3 d5 2. g3 Nf6 3. Bg2 c6 4. 0-0 Bg4 5. d4 e6 6. Nbd2 Nbd7 7. Re1 Be7 8. e4 dxe4 9. Nxe4 Nxe4 10. Rxe4 Nf6 11. Re1 Qb6 12. c3 0-0 13. Qb3 Rad8 14. Ne5 Bf5 15. Nc4 Qxb3 16. axb3 a6 17. b4 Nd5 18. Na5 Rd7 19. Nb3 Bd6 20. Nc5 Re7 21. Bf3 Rfe8 22. Bd2 Nb6 23. Nxb7 Rxb7 24. Bxc6 Reb8 25. Bxb7 Rxb7 26. Rxa6 Bd3 27. Ra5 Rb8 28. Rea1 Bc2 29. Ra7 Kf8 30. Bf4 Bxf4 31. gxf4 Ke8 32. c4 Nxc4 33. Rc7 Bb3 34. Raa7 Nd6 35. Re7+ Kf8 36. Red7 Nf5 37. Rxf7+ Kg8 38. Rfb7 Rxb7 39. Rxb7 Bd5 40. Rc7 Nxd4 41. f3 Bxf3 42. Kf2 Bd5 43. Ke3 Nf5+ 44. Kd3 Kf8 45. b5 Ke8 46. Kc3 Kd8 47. b6 h6 48. Kb4 g5 49. fxg5 hxg5 50. Ka5 g4 51. Ka6 Nd6 52. Ka5 Bf3 53. Kb4 Ne8 54. Rc3 Bd5 55. Ra3 Kc8 56. Ra7 Bb7 57. Kc5 e5 58. Ra1 Bf3 59. Ra3 Kb8 60. Ra7 Bb7 61. Rxb7+ Kxb7 62. Kd5 Ng7 63. Kxe5 Nh5 64. Kf5 1/2-1/2

[Event "Titled Tuesday intern op 28th Sept"]
[Site "Chess.com INT"]
[Date "2021.09.28"]
[Round "8"]
[White "Sucikova, Svetlana"]
[Black "Begunov, Konstantin"]
[Result "1-0"]
[WhiteElo "2175"]
[BlackElo "2325"]
[PlyCount "105"]
[EventDate "2021.09.28"]
[EventType "swiss (blitz)"]
[EventRounds "11"]
[EventCountry "USA"]
[SourceTitle "CBM 204 Extra"]
[Source "ChessBase"]
[SourceDate "2021.11.30"]
[SourceVersion "1"]
[SourceVersionDate "2021.11.30"]
[SourceQuality "1"]

1. g3 d5 2. Bg2 c6 3. Nf3 Bg4 4. 0-0 Nd7 5. h3 Bh5 6. Re1 e5 7. e4 dxe4 8. Rxe4 f6 9. d4 Bd6 10. dxe5 Nxe5 11. g4 Bg6 12. Re1 Ne7 13. c3 0-0 14. Nxe5 Bxe5 15. Nd2 Nd5 16. Nf3 Bf4 17. Nd4 Bxc1 18. Qxc1 Re8 19. Qd2 Qc7 20. Ne6 Qd6 21. Bxd5 cxd5 22. Nf4 Be4 23. c4 d4 24. Rad1 g5 25. Nh5 Rad8 26. Qxd4 Qxd4 27. Rxd4 Rxd4 28. Nxf6+ Kf7 29. Nxe8 Kxe8 30. f3 Rxc4 31. Rxe4+ Rxe4 32. fxe4 Ke7 33. Kf2 Ke6 34. Kf3 Ke5 35. Ke3 b5 36. a3 a5 37. b3 a4 38. bxa4 bxa4 39. Kd3 Kf4 40. Kd4 Kg3 41. e5 Kxh3 42. e6 Kxg4 43. e7 h5 44. e8Q h4 45. Qxa4 Kg3 46. Qb5 g4 47. Qf1 h3 48. Ke3 h2 49. Qh1 Kh3 50. Kf2 g3+ 51. Kf3 Kh4 52. a4 g2 53. Qxh2+ 1-0